| 000 | 00778cam a22002651a 4500 | ||
|---|---|---|---|
| 001 | 2363 | ||
| 003 | BD-RjUL | ||
| 005 | 20211208233530.0 | ||
| 008 | 131211r19601958ilu b s001 0 eng | ||
| 035 | _a(BD-RjUL)2390 | ||
| 035 | _a(OCoLC)237073 | ||
| 040 |
_aDLC _cODaWU _dMoSU-L _dDLC _beng |
||
| 041 | _aeng | ||
| 082 | 0 | 4 |
_219 _a658 _bLEI |
| 100 | 1 |
_aLevine, Solomon Bernard. _97670 |
|
| 245 | 1 | 0 |
_aIndustrial relations in postwar Japan / _cby Solomon B. Levine. |
| 260 |
_aUrbana : _bUniversity of Illinois Press, _cc1958.c [Prenting] 1960 |
||
| 300 |
_axiii, 200 p. ; _c24 cm. |
||
| 500 | _aIncludes index. | ||
| 504 | _aBibliography: p. 185-189. | ||
| 650 | 0 |
_aIndustrial relations _zJapan. _97671 |
|
| 942 |
_2ddc _cBK |
||
| 999 |
_c2363 _d2363 |
||